Baby Names: Girls (1980s) Quiz Stats

Quiz Updated May 2, 2018

Challenge
Share
Tweet
Embed
Score 0/100 Timer 10:00
5 Plays Today
Rank Name % Correct
35Mary
82.4%
2Jennifer
82.3%
9Elizabeth
80.6%
30Sara
80.5%
1Jessica
77.8%
5Sarah
77.7%
25Emily
71.2%
52Anna
71.2%
32Katherine
70.7%
67Catherine
70.3%
23Laura
70.1%
16Rachel
69.4%
3Amanda
66.7%
12Michelle
65.1%
19Lauren
64.8%
18Christina
64.6%
4Ashley
63.8%
22Rebecca
63.3%
31Lisa
62.9%
15Amy
62.4%
48Maria
61.9%
41Katie
61.3%
6Stephanie
61.1%
7Melissa
60.8%
45Christine
60.4%
51Julie
60.2%
8Nicole
59.9%
26Samantha
59.8%
91Hannah
59.2%
14Megan
59%
88Julia
57.9%
94Susan
57.3%
29Kelly
57.2%
50Allison
55.6%
Rank Name % Correct
56Victoria
53%
21Brittany
52.9%
10Heather
52.9%
24Danielle
51.2%
17Kimberly
50.7%
61Patricia
48.6%
28Erin
48.4%
95Margaret
48.2%
43Kristin
47.2%
84Karen
46.8%
38Kristen
46.6%
85Alexandra
46.5%
33Andrea
45%
27Angela
44.7%
55Natalie
44.7%
75Diana
44.4%
11Tiffany
44.4%
13Amber
43.6%
37Courtney
43.2%
36Erica
41.7%
49Kathryn
40.1%
42Lindsey
39.6%
78Jenna
39.6%
44Lindsay
39.3%
57Monica
38.6%
34Jamie
38.5%
80Carrie
38.3%
82Melanie
37.6%
89Alyssa
37.2%
79Meghan
37.1%
81Leah
36.3%
96Sandra
36.2%
69Kathleen
36.1%
47Vanessa
36%
Rank Name % Correct
99Bethany
35.7%
39Shannon
35.6%
46Alicia
35.4%
58Jacqueline
35%
87Caitlin
34.9%
59Holly
34.9%
70Veronica
33.9%
74Stacy
33.8%
20Crystal
33.2%
65Chelsea
33.1%
54Kayla
32.5%
93Brittney
32.5%
53Tara
31.9%
77Dana
30.9%
86Valerie
30.3%
60Kristina
30%
83Brooke
29.8%
92Stacey
29.7%
62Cassandra
28.9%
68Cynthia
28.9%
71Leslie
27.8%
76Erika
27.4%
90Jasmine
26.6%
40April
26.2%
64Whitney
25.9%
72Natasha
22.3%
63Brandy
22.1%
73Krystal
19.3%
66Brandi
18%
97Candice
17.8%
100Misty
17.6%
98Latoya
12.8%

You're not logged in!

Compare scores with friends on all Sporcle quizzes.
Join for Free
OR
Log In

You Might Also Like...

Show Comments

Extras

Top Quizzes Today


Score Distribution

Your Account Isn't Verified!

In order to create a playlist on Sporcle, you need to verify the email address you used during registration. Go to your Sporcle Settings to finish the process.

Report this User

Report this user for behavior that violates our Community Guidelines.

Details: